Phân tích và thiết kế thuật toán
Tài liệu giới thiệu hai mảng kiến thức cơ bản: kỹ thuật phân tích thuật toán và kỹ thuật thiết kế thuật toán. Nội dung bao gồm 4 chương: chương 1 trình bày kỹ thuật phân tích đánh giá thuật toán, chương 2 trình bày các thuật toán sắp xê...
সংরক্ষণ করুন:
| প্রধান লেখক: | |
|---|---|
| বিন্যাস: | গ্রন্থ |
| ভাষা: | Undetermined |
| প্রকাশিত: |
Cần Thơ
Đại học Cần Thơ
2010
|
| বিষয়গুলি: | |
| ট্যাগগুলো: |
ট্যাগ যুক্ত করুন
কোনো ট্যাগ নেই, প্রথমজন হিসাবে ট্যাগ করুন!
|
| Thư viện lưu trữ: | Trung tâm Học liệu Trường Đại học Cần Thơ |
|---|
| LEADER | 01338nam a2200229Ia 4500 | ||
|---|---|---|---|
| 001 | CTU_64845 | ||
| 008 | 210402s9999 xx 000 0 und d | ||
| 020 | |c 59000 | ||
| 082 | |a 005.73 | ||
| 082 | |b L312 | ||
| 100 | |a Nguyễn, Văn Linh | ||
| 245 | 0 | |a Phân tích và thiết kế thuật toán | |
| 245 | 0 | |c Nguyễn Văn Linh | |
| 260 | |a Cần Thơ | ||
| 260 | |b Đại học Cần Thơ | ||
| 260 | |c 2010 | ||
| 520 | |a Tài liệu giới thiệu hai mảng kiến thức cơ bản: kỹ thuật phân tích thuật toán và kỹ thuật thiết kế thuật toán. Nội dung bao gồm 4 chương: chương 1 trình bày kỹ thuật phân tích đánh giá thuật toán, chương 2 trình bày các thuật toán sắp xếp, chương 3 trình bày các kỹ thuật thiết kế thuật toán, chương 4 trình bày các cấu trúc dữ liệu và thuật toán xử lý ngoài | ||
| 526 | |a Phân tích và thiết kế thuật toán | ||
| 526 | |b CT174 | ||
| 650 | |a Data structures (Computer science),Cấu trúc dữ liệu (Khoa học máy tính),Computer algorithms,Giải thuật máy tính | ||
| 904 | |i H.Mai | ||
| 980 | |a Trung tâm Học liệu Trường Đại học Cần Thơ | ||